Cities in Sachsen - Statistics

General Stats
  • This quiz has been taken 41 times
  • The average score is 19 of 33
Answers on the Grid
Answers color-coded by a green-red scale on the quiz's grid according to % correct below.
Niesky
Selb
Zwickau
Hodenhagen
Grimma
Radeberg
Winsen an der Luhe
Torgau
Auerbach/Vogtl.
Annaberg-Buchholz
Neumünster
Kamenz
Riesa
Wedel
Lommatzsch
Sondershausen
Meißen
Dippoldiswalde
Pirna
Sassnitz
Döbeln
Teterow
Dresden
Markranstädt
Radebeul
Leipzig
Halle an der Saale
Zittau
Görlitz
Mittweida
Lehrte
Papenburg
Eutin
Hoyerswerda
Freiberg
Bauzen
Pasewalk
Neugersdorf
Forchheim
Plauen
Friedrichshafen
Chemnitz
Markneukirchen
Scheeßel
Hohenstein-Ernstthal
Heidenau
Großenhain
Wilhelmshaven
Weißwasser/Oberlausitz
Eilenburg
 
Answer Stats
Answer % Correct
Zwickau
92%
Görlitz
81%
Leipzig
81%
Chemnitz
77%
Dresden
77%
Grimma
77%
Freiberg
73%
Meißen
73%
Pirna
73%
Zittau
73%
Döbeln
69%
Plauen
69%
Torgau
69%
Bauzen
65%
Radeberg
65%
Riesa
65%
Radebeul
62%
Auerbach/Vogtl.
58%
Hoyerswerda
58%
Mittweida
54%
Annaberg-Buchholz
50%
Eilenburg
46%
Hohenstein-Ernstthal
42%
Kamenz
42%
Niesky
42%
Weißwasser/Oberlausitz
42%
Großenhain
38%
Lommatzsch
38%
Markranstädt
38%
Dippoldiswalde
35%
Heidenau
35%
Neugersdorf
31%
Markneukirchen
23%
No matching quizzes found
Score Distribution
Percent of People with Each Score
Percentile by Number Answered
Your Score History
You have not taken this quiz